Alternating-current circuits / (Record no. 78380)
[ view plain ]
| 000 -LEADER | |
|---|---|
| fixed length control field | 00889nam a2200277 a 4500 |
| 001 - CONTROL NUMBER | |
| control field | 78380 |
| 003 - CONTROL NUMBER IDENTIFIER | |
| rucl marc code | BD-RjUL |
| 005 - DATE AND TIME OF LATEST TRANSACTION | |
| control field | 20211209083125.0 |
| 008 - FIXED-LENGTH DATA ELEMENTS--GENERAL INFORMATION | |
| fixed length control field | 210915s1960 nyua 000 0 eng |
| 035 ## - SYSTEM CONTROL NUMBER | |
| System control number | (BD-RjUL)78606 |
| 040 ## - CATALOGING SOURCE | |
| Original cataloging agency | DLC |
| Transcribing agency | FM |
| Modifying agency | OCoLC |
| -- | DLC |
| -- | BD-RjUL |
| Language of cataloging | eng |
| 041 ## - LANGUAGE CODE | |
| Language code of text/sound track or separate title | eng |
| 042 ## - AUTHENTICATION CODE | |
| Authentication code | premarc |
| 082 ## - DEWEY DECIMAL CLASSIFICATION NUMBER | |
| Edition number | 23 |
| Classification number | 621.31913 |
| Author mark and year | KEA 1960 |
| 100 1# - MAIN ENTRY--PERSONAL NAME | |
| Personal name | Kerchner, Russell M. |
| Fuller form of name | (Russell Marion), |
| Dates associated with a name | 1899-1978. |
| 9 (RLIN) | 196322 |
| 245 10 - TITLE STATEMENT | |
| Title | Alternating-current circuits / |
| Statement of responsibility, etc. | [by] Russell M. Kerchner [and] George F. Corcoran. |
| 250 ## - EDITION STATEMENT | |
| Edition statement | 4th ed. |
| 260 ## - PUBLICATION, DISTRIBUTION, ETC. (IMPRINT) | |
| Place of publication, distribution, etc. | New Delhi ; |
| -- | New York : |
| Name of publisher, distributor, etc. | Wiley |
| Date of publication, distribution, etc. | 1960 |
| 300 ## - PHYSICAL DESCRIPTION | |
| Pagination | 602 p.: |
| Illustrations | illus.; |
| Size | 24 cm. |
| 650 #0 - SUBJECT ADDED ENTRY--TOPICAL TERM | |
| Topical term or geographic name as entry element | Electric currents, Alternating. |
| 9 (RLIN) | 247920 |
| Topical term or geographic name as entry element | Electric circuits. |
| 9 (RLIN) | 247921 |
| 700 1# - ADDED ENTRY--PERSONAL NAME | |
| Personal name | Corcoran, George F. |
| Fuller form of name | (George Francis), |
| Dates associated with a name | 1900- |
| 942 ## - ADDED ENTRY ELEMENTS (KOHA) | |
| Source of classification or shelving scheme | Dewey Decimal Classification |
| Koha item type | Books |
| Lost status | Source of classification or shelving scheme | Damaged status | Not for loan | Collection code | Permanent Location | Current Location | Shelving location | Date acquired | Source of acquisition | Cost, normal purchase price | Total Checkouts | Full call number | Date last seen | Copy number | Koha item type |
|---|---|---|---|---|---|---|---|---|---|---|---|---|---|---|---|
| Dewey Decimal Classification | Not For Loan | Non-fiction | Central Library, University of Rajshahi | Central Library, University of Rajshahi | Reading Room | 02/10/1973 | Euraka Book Agency, Rajshahi. | 27.00 | 621.31913 KEA 1960 | 15/09/2021 | C-1 | Books |